Central Library OPAC University of Rajshahi

শান্তিনিকেতন-প্রসঙ্গ / (Record no. 71400)

MARC details
000 -LEADER
fixed length control field 01198nam a2200277 a 4500
001 - CONTROL NUMBER
control field 71400
003 - CONTROL NUMBER IDENTIFIER
rucl marc code BD-RjUL
005 - DATE AND TIME OF LATEST TRANSACTION
control field 20211209082117.0
008 - FIXED-LENGTH DATA ELEMENTS--GENERAL INFORMATION
fixed length control field 170503s1966 ii ||||| |||| 00| 0 ben d
020 ## - INTERNATIONAL STANDARD BOOK NUMBER
Terms of availability : TK. 15.00
035 ## - SYSTEM CONTROL NUMBER
System control number (BD-RjUL)71616
040 ## - CATALOGING SOURCE
Original cataloging agency BD-RjUL
Language of cataloging ben
Transcribing agency BD-RjUL
Modifying agency BD-RjUL
041 ## - LANGUAGE CODE
Language code of text/sound track or separate title ben
082 ## - DEWEY DECIMAL CLASSIFICATION NUMBER
Edition number 23
Classification number 891.44409
Author mark and year DAS 1966
100 ## - MAIN ENTRY--PERSONAL NAME
Personal name দাস, সুধীরঞ্জন
9 (RLIN) 211258
245 ## - TITLE STATEMENT
Title শান্তিনিকেতন-প্রসঙ্গ /
Statement of responsibility, etc. সুধীরঞ্জন দাস; সুধীরচন্দ্র কর; মতীসাধনা কর
250 ## - EDITION STATEMENT
Edition statement ১ম সং.
260 ## - PUBLICATION, DISTRIBUTION, ETC. (IMPRINT)
Place of publication, distribution, etc. কলিকাতা :
Name of publisher, distributor, etc. ওরিয়েণ্ট বুক কোম্পানি,
Date of publication, distribution, etc. ১৯৬৬.
300 ## - PHYSICAL DESCRIPTION
Pagination ৫৩৯ পৃ. ;
Size ২৪ সেমি.
500 ## - GENERAL NOTE
General note নির্ঘণ্ট সংযুক্ত.
650 ## - SUBJECT ADDED ENTRY--TOPICAL TERM
Topical term or geographic name as entry element বাংলা প্রবন্ধ
Form subdivision ইতিহাস এবং সমালোচনা
9 (RLIN) 211259
Topical term or geographic name as entry element Bengali Essays
Form subdivision History and Criticism
9 (RLIN) 119947
700 ## - ADDED ENTRY--PERSONAL NAME
Personal name কর, সুধীরচন্দ্র
Personal name কর, মতীসাধনা
942 ## - ADDED ENTRY ELEMENTS (KOHA)
Source of classification or shelving scheme Dewey Decimal Classification
Koha item type Books
Holdings
Lost status Source of classification or shelving scheme Damaged status Not for loan Collection code Permanent Location Current Location Shelving location Date acquired Source of acquisition Total Checkouts Full call number Date last seen Copy number Koha item type
  Dewey Decimal Classification   Not For Loan Non-fiction Central Library, University of Rajshahi Central Library, University of Rajshahi Reading Room 09/12/2021 K.P. Bagehi and Co.   B 891.44409 DAS 1966 03/05/2017 C-1 Books